The physics of theism : (Record no. 21719)
[ view plain ]
| 000 -LEADER | |
|---|---|
| fixed length control field | 03236cam a2200685 i 4500 |
| 001 - CONTROL NUMBER | |
| control field | ocn891427870 |
| 003 - CONTROL NUMBER IDENTIFIER | |
| control field | OCoLC |
| 005 - DATE AND TIME OF LATEST TRANSACTION | |
| control field | 20230823095425.0 |
| 006 - FIXED-LENGTH DATA ELEMENTS--ADDITIONAL MATERIAL CHARACTERISTICS--GENERAL INFORMATION | |
| fixed length control field | m o d |
| 007 - PHYSICAL DESCRIPTION FIXED FIELD--GENERAL INFORMATION | |
| fixed length control field | cr ||||||||||| |
| 008 - FIXED-LENGTH DATA ELEMENTS--GENERAL INFORMATION | |
| fixed length control field | 140925s2015 nju ob 001 0 eng |
| 010 ## - LIBRARY OF CONGRESS CONTROL NUMBER | |
| LC control number | 2014038294 |
| 040 ## - CATALOGING SOURCE | |
| Original cataloging agency | DLC |
| Language of cataloging | eng |
| Description conventions | rda |
| -- | pn |
| Transcribing agency | DLC |
| Modifying agency | N$T |
| -- | DG1 |
| -- | E7B |
| -- | OCLCF |
| -- | RECBK |
| -- | YDXCP |
| -- | COO |
| -- | EBLCP |
| -- | OCLCQ |
| -- | DEBBG |
| 019 ## - | |
| -- | 897481730 |
| -- | 927509231 |
| 020 ## - INTERNATIONAL STANDARD BOOK NUMBER | |
| ISBN | 9781118932773 |
| Qualifying information | (ePub) |
| 020 ## - INTERNATIONAL STANDARD BOOK NUMBER | |
| ISBN | 1118932773 |
| Qualifying information | (ePub) |
| 020 ## - INTERNATIONAL STANDARD BOOK NUMBER | |
| ISBN | 9781118932797 |
| Qualifying information | (Adobe PDF) |
| 020 ## - INTERNATIONAL STANDARD BOOK NUMBER | |
| ISBN | 111893279X |
| Qualifying information | (Adobe PDF) |
| 020 ## - INTERNATIONAL STANDARD BOOK NUMBER | |
| ISBN | 9781118933800 |
| 020 ## - INTERNATIONAL STANDARD BOOK NUMBER | |
| ISBN | 111893380X |
| 020 ## - INTERNATIONAL STANDARD BOOK NUMBER | |
| ISBN | 1118932811 |
| Qualifying information | (cloth) |
| 020 ## - INTERNATIONAL STANDARD BOOK NUMBER | |
| ISBN | 9781118932810 |
| Qualifying information | (cloth) |
| 020 ## - INTERNATIONAL STANDARD BOOK NUMBER | |
| ISBN | 9781118932803 |
| Qualifying information | (pbk.) |
| 020 ## - INTERNATIONAL STANDARD BOOK NUMBER | |
| ISBN | 1118932803 |
| Qualifying information | (pbk.) |
| 020 ## - INTERNATIONAL STANDARD BOOK NUMBER | |
| Cancelled/invalid ISBN | 9781118932810 |
| Qualifying information | (cloth) |
| 028 01 - PUBLISHER NUMBER | |
| Publisher number | EB00588408 |
| Source | Recorded Books |
| 029 1# - (OCLC) | |
| OCLC library identifier | NZ1 |
| System control number | 15912082 |
| 029 1# - (OCLC) | |
| OCLC library identifier | DEBBG |
| System control number | BV043397170 |
| 035 ## - SYSTEM CONTROL NUMBER | |
| System control number | (OCoLC)891427870 |
| Canceled/invalid control number | (OCoLC)897481730 |
| -- | (OCoLC)927509231 |
| 042 ## - AUTHENTICATION CODE | |
| Authentication code | pcc |
| 050 00 - LIBRARY OF CONGRESS CALL NUMBER | |
| Classification number | BL265.P4 |
| 072 #7 - SUBJECT CATEGORY CODE | |
| Subject category code | REL |
| Subject category code subdivision | 001000 |
| Source | bisacsh |
| 082 00 - DEWEY DECIMAL CLASSIFICATION NUMBER | |
| Classification number | 211/.3 |
| Edition number | 23 |
| 049 ## - LOCAL HOLDINGS (OCLC) | |
| Holding library | MAIN |
| 100 1# - MAIN ENTRY--PERSONAL NAME | |
| Personal name | Koperski, Jeffrey. |
| 245 14 - TITLE STATEMENT | |
| Title | The physics of theism : |
| Remainder of title | god, physics, and the philosophy of science / |
| Statement of responsibility, etc | Jeffrey Koperski. |
| 264 #1 - | |
| -- | Chichester : |
| -- | West Sussex : |
| -- | Wiley, |
| -- | 2015. |
| 300 ## - PHYSICAL DESCRIPTION | |
| Extent | 1 online resource. |
| 336 ## - | |
| -- | text |
| -- | txt |
| -- | rdacontent |
| 337 ## - | |
| -- | computer |
| -- | n |
| -- | rdamedia |
| 338 ## - | |
| -- | online resource |
| -- | nc |
| -- | rdacarrier |
| 504 ## - BIBLIOGRAPHY, ETC. NOTE | |
| Bibliography, etc | Includes bibliographical references and index. |
| 588 0# - | |
| -- | Print version record and CIP data provided by publisher. |
| 520 ## - SUMMARY, ETC. | |
| Summary, etc | The Physics of Theism provides a timely, critical analysis of the ways in which physics intertwines with religion. Koperski brings clarity to a range of arguments including the fine-tuning argument, naturalism, the laws of nature, and the controversy over Intelligent Design.-A single author text providing unprecedented scope and depth of analysis of key issues within the Philosophy of Religion and the Philosophy of Science -Critically analyses the ways in which physics is brought into play in matters of religion -Self-contained chapters allow readers to directly access specific areas of interest -The area is one of considerable interest, and this book is a timely and well-conceived contribution to these debates -Written by an accomplished scholar working in the philosophy of physics in a style that renders complex arguments accessible. |
| 526 ## - STUDY PROGRAM INFORMATION NOTE | |
| Department | Physical Science |
| 650 #0 - SUBJECT ADDED ENTRY--TOPICAL TERM | |
| Topical term or geographic name as entry element | Physics |
| General subdivision | Religious aspects. |
| 650 #0 - SUBJECT ADDED ENTRY--TOPICAL TERM | |
| Topical term or geographic name as entry element | Theism. |
| 650 #0 - SUBJECT ADDED ENTRY--TOPICAL TERM | |
| Topical term or geographic name as entry element | Religion and science. |
| 650 #0 - SUBJECT ADDED ENTRY--TOPICAL TERM | |
| Topical term or geographic name as entry element | Science |
| General subdivision | Philosophy. |
| 650 #4 - SUBJECT ADDED ENTRY--TOPICAL TERM | |
| Topical term or geographic name as entry element | Physics |
| General subdivision | Religious aspects. |
| 650 #7 - SUBJECT ADDED ENTRY--TOPICAL TERM | |
| Topical term or geographic name as entry element | RELIGION |
| General subdivision | Agnosticism. |
| Source of heading or term | bisacsh |
| 650 #7 - SUBJECT ADDED ENTRY--TOPICAL TERM | |
| Topical term or geographic name as entry element | Physics |
| General subdivision | Religious aspects. |
| Source of heading or term | fast |
| -- | (OCoLC)fst01063088 |
| 650 #7 - SUBJECT ADDED ENTRY--TOPICAL TERM | |
| Topical term or geographic name as entry element | Religion and science. |
| Source of heading or term | fast |
| -- | (OCoLC)fst01093848 |
| 650 #7 - SUBJECT ADDED ENTRY--TOPICAL TERM | |
| Topical term or geographic name as entry element | Science |
| General subdivision | Philosophy. |
| Source of heading or term | fast |
| -- | (OCoLC)fst01108336 |
| 650 #7 - SUBJECT ADDED ENTRY--TOPICAL TERM | |
| Topical term or geographic name as entry element | Theism. |
| Source of heading or term | fast |
| -- | (OCoLC)fst01149471 |
| 655 #4 - INDEX TERM--GENRE/FORM | |
| Genre/form data or focus term | Electronic books. |
| 776 08 - ADDITIONAL PHYSICAL FORM ENTRY | |
| Display text | Print version: |
| Main entry heading | Koperski, Jeffrey. |
| Title | Physics of theism. |
| Place, publisher, and date of publication | Hoboken : Wiley, 2015 |
| International Standard Book Number | 9781118932810 |
| Record control number | (DLC) 2014025620 |
| 856 40 - ELECTRONIC LOCATION AND ACCESS | |
| Uniform Resource Identifier | <a href="http://dx.doi.org/10.1002/9781118933800">http://dx.doi.org/10.1002/9781118933800</a> |
| Public note | Wiley Online Library |
| 994 ## - | |
| -- | 92 |
| -- | DG1 |
No items available.